The Boondocks Quiz - Statistics

General Stats
  • This quiz has been taken 53 times
  • The average score is 12 of 17
Answer Stats
Question Answer % Correct
City where Huey and Riley lived before the show Chicago
82%
The fictional suburb where the show takes place Woodcrest
82%
Katt Williams voices this recurring character who prefers to be called by his full name, think A Streetcar Named Desire or A Tribe Called Quest A Pimp Named Slickback
80%
Rapper name of Otis Jenkins who hails from Terrabelle, Georgia Thugnificent
80%
Sarah's celeb crush, who Tom is very jealous of Usher
80%
Blind arch nemesis of Robert Freeman who keeps finding a way to come back Col. H. Stinkmeaner
75%
Richest resident of Woodcrest, a greedy capitalist whose family founded and owns much of the town Ed Wuncler
75%
John Witherspoon (who voices Robert Freeman) and Regina King (who voices Huey and Riley) were both in this Ice Cube movie, hence the many references Friday
75%
Rapper with the song "Thuggin Luv" Gangstalicious
75%
Ed, Rummy, and Riley accidentally kidnap Maya Angelou when trying to kidnap this TV host Oprah Winfrey
73%
Huey and Reverend Rollo Goodlove attempt a boycott of this television network BET
68%
Condition which Uncle Ruckus (no relation) claims to suffer from; "it's the opposite of what Michael Jackson's got" Revitiligo
68%
The Boondocks takes place in this U.S. state, where it started as a comic strip (same state as The Wire) Maryland
59%
Pretty Boy Flizzy, parodied off Chris Brown, is voiced by this actor who would later go on to play Adonis Creed and Erik Killmonger Michael B. Jordan
57%
Ed the 3rd's best friend and partner in crime, Gin Rummy, is voiced by this actor, who may execute you after taking your burger and reciting a fictional Bible verse Samuel L. Jackson
57%
The rap crew of the above; members Flonominal and Macktastic were voiced by Snoop Dogg and Busta Rhymes Lethal Interjection
52%
When Robert Freeman was younger, he had the nickname Lando due to his resemblance to this actor Billy Dee Williams
30%
No matching quizzes found
Score Distribution
Percent of People with Each Score
Percentile by Number Answered
Your Score History
You have not taken this quiz